00250nam a2200109Ia 4500008004100000041001200041082001100053100002000064245004400084260000600128650000600134221030s9999 xx 000 0 und d aEnglish a105.23 aS. K. Choudhary 0aWorkshop Technologycby S. K. Choudhary c0 aB